Consent to marriage in a crisis of personality disorder
Shranjeno v:
| Glavni avtor: | |
|---|---|
| Format: | Knjiga |
| Jezik: | angleščina |
| Izdano: |
Roma
Pontificia Universita Gregoriana
1985
|
| Teme: | |
| Oznake: |
Označite
Brez oznak, prvi označite!
|
MARC
| LEADER | 00000nam a2200000 a 4500 | ||
|---|---|---|---|
| 001 | UCV3173 | ||
| 003 | CL-VaPUC | ||
| 008 | 930422e19850000IT |||||||||||||||||eng|d | ||
| 082 | 0 | 4 | |a 262.94 |b SPE |2 21 |
| 100 | 0 | |a Spence, James Ross |e author |9 297418 | |
| 245 | 1 | 0 | |a Consent to marriage in a crisis of personality disorder |
| 300 | |a 102 p | ||
| 942 | |c BK | ||
| 945 | |d 19930422 00:00:00 | ||
| 260 | |a Roma |b Pontificia Universita Gregoriana |c 1985 | ||
| 650 | 7 | |a IMPEDIMENTOS DE MATRIMONIO |2 CL-VaPUC |9 258751 | |
| 650 | 7 | |a DERECHO CANONICO |2 CL-VaPUC |9 297419 | |
| 650 | 7 | |a MATRIMONIO |2 CL-VaPUC |9 297420 | |
| 583 | |a last modification |c 19930422 00:00:00 |k Rodrigo Vera | ||
| 999 | |c 210485 |d 210483 | ||
| 952 | |0 0 |1 0 |4 0 |6 262_940000000000000_SPE_1985 |7 0 |8 A |9 186769 |a BIBDER |b BIBDER |d 2019-11-14 |i 2543826 |l 1 |m 1 |o 262.94 SPE 1985 |p 2543826 |r 2023-01-25 |s 2021-07-29 |w 2019-11-14 |y BK |k DER | ||